000171167 001__ 171167
000171167 005__ 20260515163945.0
000171167 0248_ $$2sideral$$a149192
000171167 037__ $$aART-2026-149192
000171167 041__ $$aspa
000171167 100__ $$0(orcid)0000-0001-9729-7688$$aPac Salas, David$$uUniversidad de Zaragoza
000171167 245__ $$aLa percepción sobre el futuro de los jóvenes aragoneses
000171167 260__ $$c2026
000171167 5203_ $$aLos avances sociales necesitan de ciertas dosis de esperanza y un futuro deseable al que aspirar (Monge, 2026: 191) y, más específicamente, son las nuevas generaciones las que protagonizan tales avances. Por ello, la percepción de las personas jóvenes sobre el futuro suele ser un tema de gran interés para las administraciones públicas, los investigadores sociales y la agenda pública. En general, las posturas sobre estas percepciones son ambivalentes. Por un lado, ha aumentado la sensación de que los hijos tendrán un futuro peor que sus padres (Duffy, 2022:32-33): el pesimismo se está adueñando de las sociedades occidentales (Francia, Estados Unidos, Reino Unido). Por otra parte, las encuestas comparativas internacionales señalan que los jóvenes adultos se muestran más optimistas respecto al futuro que las personas de más edad (Keating y Melis, 2022, Kantenbacher et al.,2022).
000171167 540__ $$9info:eu-repo/semantics/closedAccess$$aAll rights reserved$$uhttp://www.europeana.eu/rights/rr-f/
000171167 655_4 $$ainfo:eu-repo/semantics/article$$vinfo:eu-repo/semantics/publishedVersion
000171167 700__ $$0(orcid)0000-0002-8702-0156$$aMinguijón Pablo, Jaime$$uUniversidad de Zaragoza
000171167 700__ $$0(orcid)0000-0003-0387-9113$$aGentile, Alessandro$$uUniversidad de Zaragoza
000171167 700__ $$0(orcid)0000-0003-0897-9519$$aGastón Faci, Diego$$uUniversidad de Zaragoza
000171167 7102_ $$14009$$2775$$aUniversidad de Zaragoza$$bDpto. Psicología y Sociología$$cÁrea Sociología
000171167 7102_ $$14009$$2813$$aUniversidad de Zaragoza$$bDpto. Psicología y Sociología$$cÁrea Trabajo Social y Serv.Soc
000171167 773__ $$g87 (2026), 101-109$$pEcon. aragon. (Ed. impr.)$$tEconomía aragonesa (Ed. impresa)$$x1576-7736
000171167 85641 $$uhttps://www.ibercaja.com/servicio-de-estudios/revista-de-economia-aragonesa/numeros-publicados$$zTexto completo de la revista
000171167 8564_ $$s149179$$uhttps://zaguan.unizar.es/record/171167/files/texto_completo.pdf$$yVersión publicada
000171167 8564_ $$s1421822$$uhttps://zaguan.unizar.es/record/171167/files/texto_completo.jpg?subformat=icon$$xicon$$yVersión publicada
000171167 909CO $$ooai:zaguan.unizar.es:171167$$particulos$$pdriver
000171167 951__ $$a2026-05-15-14:54:16
000171167 980__ $$aARTICLE